00213 a2200085 450000100060000004000220000624000210002824500190004965000590006851202 cAnchieta - Pituba10aGood bye leninl10aGood bye lenin 4aLínguas germânicas (teutônicas) língua alemã